Sitting on a goldmine (Record no. 76164)
[ view plain ]
| 000 -LEADER | |
|---|---|
| fixed length control field | 00776cab a2200193 4500 |
| 001 - CONTROL NUMBER | |
| control field | ##L131554 |
| 008 - FIXED-LENGTH DATA ELEMENTS--GENERAL INFORMATION | |
| fixed length control field | 051115n2005 000 0 eng u |
| 035 ## - SYSTEM CONTROL NUMBER | |
| System control number | (Sirsi) u131554 |
| 041 0# - LANGUAGE CODE | |
| Language code of text/sound track or separate title | eng |
| 100 1# - MAIN ENTRY--PERSONAL NAME | |
| Personal name | Ralph, Oliver |
| 245 00 - TITLE STATEMENT | |
| Title | Sitting on a goldmine |
| 260 ## - PUBLICATION, DISTRIBUTION, ETC. | |
| Date of publication, distribution, etc. | 2005 |
| 490 #0 - SERIES STATEMENT | |
| Series statement | Investors Chronicle |
| Volume/sequential designation | 154(1960) 4 November 2005, 22-25(4) |
| 520 ## - SUMMARY, ETC. | |
| Summary, etc. | Examines the way in which some companies hold onto assets they don't need (eg owning commercial premises instead of renting, money in the form of net debts, etc) and suggests that the release of these assets would lead to an increase in the shareholders' dividend. |
| 650 24 - SUBJECT ADDED ENTRY--TOPICAL TERM | |
| Topical term or geographic name entry element | ASSET MANAGEMENT |
| 690 ## - LOCAL SUBJECT ADDED ENTRY--TOPICAL TERM (OCLC, RLIN) | |
| Topical term or geographic name as entry element | PROPERTY-BUSINESS ASSETS-TANGIBLE BUSINESS ASSETS |
| 700 1# - ADDED ENTRY--PERSONAL NAME | |
| Personal name | Campbell, Kirsty |
| 942 ## - ADDED ENTRY ELEMENTS (KOHA) | |
| Suppress in OPAC | 0 |
| Withdrawn status | Lost status | Source of classification or shelving scheme | Damaged status | Not for loan | Home library | Current library | Shelving location | Date acquired | Total Checkouts | Full call number | Barcode | Date last seen | Copy number | Price effective from | Koha item type |
|---|---|---|---|---|---|---|---|---|---|---|---|---|---|---|---|
| Dewey Decimal Classification | London | London | Journal article | 15/11/2005 | L131554 | 131554-1001 | 06/08/2019 | 1 | 06/08/2019 | Journal article |